000 00783nam a2200265Ia 4500
008 170203s9999 xx 000 0 und d
020 _a0 753405202
050 _a0 30
050 _bC482i 1997
100 _aCharman, Andy.
245 _aTrees have leaves and other questions about plants /
245 _cAndrew Charman.
260 _aDanbury, Connecticut :
260 _bGrolier,
260 _c2003
300 _a32 pages :
300 _bcolor illustrations ;
300 _c29 cm.
440 _aI wonder why series.
500 _aOriginally published: London : Kingfisher, c1997.
650 _aChildren's questions and answers.
650 _aPlants -- Miscellanea --
650 _xJuvenile literature.
700 _aI wonder why trees have leaves., Title.
999 _c305560
_d305560